Normal view
MARC view
- Elliot, Robert S
Entry Personal Name
001 - CONTROL NUMBER
- control field: 125150
003 - CONTROL NUMBER IDENTIFIER
- control field: NUST
005 - DATE AND TIME OF LATEST TRANSACTION
- control field: 20240815124805.0
008 - FIXED-LENGTH DATA ELEMENTS
- fixed length control field: 240815|| aca||aabn | a|a d
040 ## - CATALOGING SOURCE
- Original cataloging agency: NUST
- Transcribing agency: NUST
100 ## - HEADING--PERSONAL NAME
- Personal name: Elliot, Robert S
670 ## - SOURCE DATA FOUND
- Source citation: Work cat.: (NUST)610658: Elliot, Robert S., Antenna theory and design: , 2003.
